Digambarasmaranakal Third part(ദിഗംബരസ്മരണകൾ മൂന്നാം ഭാഗം) (Record no. 114588)

MARC details
000 -LEADER
fixed length control field 00507 a2200157 4500
005 - DATE AND TIME OF LATEST TRANSACTION
control field 20260309140612.0
008 - FIXED-LENGTH DATA ELEMENTS--GENERAL INFORMATION
fixed length control field 251223b |||||||| |||| 00| 0 eng d
020 ## - INTERNATIONAL STANDARD BOOK NUMBER
International Standard Book Number 9789789789788
080 ## - UNIVERSAL DECIMAL CLASSIFICATION NUMBER
Universal Decimal Classification number 89M-94
Item number RAJ/D
100 ## - MAIN ENTRY--PERSONAL NAME
Personal name Rajeevkumar,M.
245 ## - TITLE STATEMENT
Title Digambarasmaranakal Third part(ദിഗംബരസ്മരണകൾ മൂന്നാം ഭാഗം)
260 ## - PUBLICATION, DISTRIBUTION, ETC. (IMPRINT)
Name of publisher, distributor, etc Paridhi publications.
Place of publication, distribution, etc Thiruvananthapuram.
Date of publication, distribution, etc 2021.
300 ## - PHYSICAL DESCRIPTION
Extent 276p.
653 ## - INDEX TERM--UNCONTROLLED
Uncontrolled term Memories-Malayalam literature
942 ## - ADDED ENTRY ELEMENTS (KOHA)
item type Under processing
Holdings
Lost status Source of classification or shelving scheme Not for loan Home library Current library Date acquired Cost, normal purchase price Total Checkouts Full call number Barcode Date last seen Cost, replacement price Price effective from Koha item type
  Universal Decimal Classification   University Library University Library 05/03/2025 266.68   89M-94 RAJ/D 00096981 05/03/2025 400.00 05/03/2025 Books
University Library, CUSAT